000
00328nam a22001337a 4500
020
_a
0-931790-23-9
041
_a
ENG
100
_a
Hirshberg Gary
245
_a
The New Alchemy Water Pumping Windmill Book
260
_a
Massachusetts
_b
Brick House Publishing
_c
1982
300
_a
141
650
_a
IDE ( 05 )
856
_u
IDE ( 05 )
999
_c
2777
_d
2777